[Event "SLO-chT (Women)"]
[Site "Ljubljana"]
[Date "2013.04.26"]
[Round "6.1"]
[White "Rozic, Vesna"]
[Black "Franciskovic, Borka"]
[Result "1/2-1/2"]
[WhiteElo "2259"]
[BlackElo "2261"]
[PlyCount "98"]
[EventDate "2013.04.18"]
[EventType "team-tourn"]
[EventRounds "7"]
[EventCountry "SLO"]
[SourceTitle "EXT 2015"]
[Source "ChessBase"]
[SourceDate "2014.11.20"]
[SourceVersion "1"]
[SourceVersionDate "2014.11.20"]
[SourceQuality "1"]
[WhiteTeam "Maribor ZSK (W)"]
[BlackTeam "Kocevje (W)"]
[WhiteTeamCountry "SLO"]
[BlackTeamCountry "SLO"]

1. d4 Nf6 2. Nf3 e6 3. c4 Bb4+ 4. Nbd2 0-0 5. a3 Be7 6. g3 b6 7. Bg2 Bb7 8. 0-0 c5 9. b3 cxd4 10. Bb2 Nc6 11. Nxd4 d5 12. Nxc6 Bxc6 13. cxd5 Bxd5 14. e4 Bb7 15. e5 Nd5 16. Ne4 Rc8 17. Qe2 Qc7 18. Rac1 Qb8 19. Rcd1 Kh8 20. Rfe1 a5 21. Rd2 Rcd8 22. Red1 Ba8 23. f4 Bc5+ 24. Nxc5 bxc5 25. Rd3 Ne7 26. Bxa8 Qxa8 27. a4 Rxd3 28. Qxd3 Nf5 29. Kf2 Kg8 30. Ba3 Rc8 31. Bxc5 h5 32. Be3 Nxe3 33. Qxe3 Qb7 34. Qd3 g6 35. Kg1 Kg7 36. Rf1 Qb6+ 37. Kg2 Qb4 38. Rf3 Qb7 39. Kh3 Qb4 40. Re3 Qc5 41. Re4 Qf2 42. Rc4 Rh8 43. Rc7 h4 44. Rxf7+ Kxf7 45. Qd7+ Kf8 46. Qd8+ Kg7 47. Qe7+ Kh6 48. Qg5+ Kh7 49. Qe7+ Kh6 1/2-1/2

[Event "SLO-chT (Women)"]
[Site "Ljubljana"]
[Date "2013.04.21"]
[Round "4.1"]
[White "Rozic, Vesna"]
[Black "Orehek, Spela"]
[Result "1/2-1/2"]
[WhiteElo "2259"]
[BlackElo "2045"]
[PlyCount "64"]
[EventDate "2013.04.18"]
[EventType "team-tourn"]
[EventRounds "7"]
[EventCountry "SLO"]
[SourceTitle "EXT 2015"]
[Source "ChessBase"]
[SourceDate "2014.11.20"]
[SourceVersion "1"]
[SourceVersionDate "2014.11.20"]
[SourceQuality "1"]
[WhiteTeam "Maribor ZSK (W)"]
[BlackTeam "Domzale (W)"]
[WhiteTeamCountry "SLO"]
[BlackTeamCountry "SLO"]

1. d4 d5 2. Nf3 Nf6 3. c4 c6 4. Nbd2 Bf5 5. e3 e6 6. Be2 Nbd7 7. Nh4 Bg6 8. b3 Bd6 9. Bb2 e5 10. Nxg6 hxg6 11. dxe5 Nxe5 12. h3 dxc4 13. bxc4 0-0 14. 0-0 Qe7 15. Qc2 Rad8 16. Rfd1 Rfe8 17. Rab1 Bb8 18. Nf1 Rxd1 19. Rxd1 Rd8 20. Rxd8+ Qxd8 21. Bd4 b6 22. f4 Ned7 23. Bf3 c5 24. Bb2 Nf8 25. Nd2 Ne6 26. Ne4 Nxe4 27. Bxe4 g5 28. g3 gxf4 29. gxf4 Qh4 30. Qc3 Qxh3 31. Bd5 Qg3+ 32. Kf1 Qh3+ 1/2-1/2

[Event "SLO-chT (Women)"]
[Site "Ljubljana"]
[Date "2013.04.18"]
[Round "1.1"]
[White "Rozic, Vesna"]
[Black "Vombek, Sara"]
[Result "1-0"]
[WhiteElo "2259"]
[BlackElo "1889"]
[PlyCount "69"]
[EventDate "2013.04.18"]
[EventType "team-tourn"]
[EventRounds "7"]
[EventCountry "SLO"]
[SourceTitle "EXT 2015"]
[Source "ChessBase"]
[SourceDate "2014.11.20"]
[SourceVersion "1"]
[SourceVersionDate "2014.11.20"]
[SourceQuality "1"]
[WhiteTeam "Maribor ZSK (W)"]
[BlackTeam "Radenska Pomgrad (W)"]
[WhiteTeamCountry "SLO"]
[BlackTeamCountry "SLO"]

1. d4 Nf6 2. Nf3 g6 3. c4 Bg7 4. g3 0-0 5. Bg2 d6 6. 0-0 c5 7. Nc3 cxd4 8. Nxd4 a6 9. b3 Qc7 10. Bb2 Nc6 11. Nc2 Rb8 12. Rc1 Re8 13. e4 Bh6 14. Rb1 b5 15. Nd5 Nxd5 16. cxd5 Ne5 17. f4 Nd7 18. Rf2 Bg7 19. Bxg7 Kxg7 20. Qd4+ Kg8 21. Ne3 Qb6 22. Qd2 Nf6 23. Re1 Bd7 24. e5 Nh5 25. Nc2 Ng7 26. Nd4 Rbd8 27. e6 fxe6 28. dxe6 Bc8 29. Nc6 Bxe6 30. Nxd8 Qxd8 31. Rxe6 Nxe6 32. Bd5 Qc8 33. Qe3 Kf8 34. Bxe6 Qc5 35. Qd2 1-0

[Event "Olympiad Women-40"]
[Site "Istanbul"]
[Date "2012.09.07"]
[Round "10.2"]
[White "Rozic, Vesna"]
[Black "Aliaga Fernandez, Ingrid Yadira"]
[Result "1/2-1/2"]
[WhiteElo "2260"]
[BlackElo "2169"]
[PlyCount "151"]
[EventDate "2012.08.28"]
[EventType "team-swiss"]
[EventRounds "11"]
[EventCountry "TUR"]
[SourceTitle "CBM 150 Extra"]
[Source "ChessBase"]
[SourceDate "2012.10.19"]
[SourceVersion "1"]
[SourceVersionDate "2012.10.19"]
[SourceQuality "1"]
[WhiteTeam "Slovenia (W)"]
[BlackTeam "Peru (W)"]
[WhiteTeamCountry "SLO"]
[BlackTeamCountry "PER"]

1. d4 d5 2. Nf3 Nf6 3. c4 dxc4 4. Qa4+ Nbd7 5. Qxc4 e6 6. g3 a6 7. Bg2 b5 8. Qb3 Bb7 9. a4 Bd5 10. Qd1 b4 11. Bg5 h6 12. Bxf6 Nxf6 13. 0-0 c5 14. a5 cxd4 15. Nxd4 Bxg2 16. Kxg2 Qd5+ 17. Nf3 Qxd1 18. Rxd1 Be7 19. Nbd2 0-0 20. Ne5 Rac8 21. Rac1 Rfe8 22. Nb3 g6 23. Nd4 Bf8 24. Nd3 Rcd8 25. Nc6 Rd5 26. Rc4 e5 27. e4 Rb5 28. b3 Kg7 29. f3 g5 30. g4 h5 31. h3 hxg4 32. hxg4 Re6 33. Kg3 Ne8 34. Rdc1 Nf6 35. Ndxb4 Bxb4 36. Nxb4 Rxa5 37. Rc7 Rb5 38. Nd3 Ne8 39. Ra7 Kf6 40. b4 Rd6 41. Rc3 Rbb6 42. Rc8 Rxd3 43. Rxe8 Re6 44. Rxe6+ Kxe6 45. Rxa6+ Ke7 46. b5 Rb3 47. Rb6 Rb2 48. Rb8 Kf6 49. b6 Kg7 50. b7 f6 51. Kh3 Rb3 52. Kg2 Rb2+ 53. Kf1 Rb1+ 54. Ke2 Rb3 55. Kd2 Rb1 56. Kc2 Rb4 57. Kc3 Rb1 58. Kc4 Rb2 59. Kc5 Rc2+ 60. Kd6 Rd2+ 61. Ke6 Rb2 62. Rd8 Rxb7 63. Rd7+ Rxd7 64. Kxd7 Kh7 65. Kd8 Kh8 66. Ke8 Kg8 67. Ke7 Kg7 68. Kd6 Kh6 69. Kc6 Kg6 70. Kc7 Kg7 71. Kc8 Kg8 72. Kd7 Kh7 73. Ke6 Kg6 74. Ke7 Kg7 75. Ke8 Kg8 76. Ke7 1/2-1/2

[Event "Olympiad Women-40"]
[Site "Istanbul"]
[Date "2012.09.04"]
[Round "7.2"]
[White "Mammadova, Gulnar Marfat Qizi"]
[Black "Rozic, Vesna"]
[Result "1-0"]
[WhiteElo "2324"]
[BlackElo "2260"]
[PlyCount "115"]
[EventDate "2012.08.28"]
[EventType "team-swiss"]
[EventRounds "11"]
[EventCountry "TUR"]
[SourceTitle "CBM 150 Extra"]
[Source "ChessBase"]
[SourceDate "2012.10.19"]
[SourceVersion "1"]
[SourceVersionDate "2012.10.19"]
[SourceQuality "1"]
[WhiteTeam "Azerbaijan (W)"]
[BlackTeam "Slovenia (W)"]
[WhiteTeamCountry "AZE"]
[BlackTeamCountry "SLO"]

1. e4 e6 2. d4 d5 3. Nc3 Nf6 4. Bg5 dxe4 5. Nxe4 Nbd7 6. Nxf6+ Nxf6 7. Nf3 h6 8. Bh4 c5 9. Bd3 Be7 10. 0-0 0-0 11. dxc5 Bxc5 12. Qe2 Be7 13. Rad1 Qc7 14. Ne5 Rd8 15. c3 Bd7 16. Rfe1 Be8 17. f4 Nd5 18. Bg3 Ne3 19. Rd2 Nf5 20. Bf2 Bc5 21. Qe4 Bxf2+ 22. Rxf2 Bc6 23. Qe2 Nd6 24. g4 Re8 25. g5 hxg5 26. fxg5 Nf5 27. Bxf5 exf5 28. g6 Rxe5 29. Qxe5 Qxe5 30. gxf7+ Kxf7 31. Rxe5 g6 32. b4 a6 33. Rd2 Kf6 34. Rc5 Be4 35. Rd6+ Kg5 36. Kf2 Re8 37. a4 Kh5 38. h4 g5 39. hxg5 Kxg5 40. Kg3 Bc6 41. Rcxc6 bxc6 42. Rxc6 Re4 43. a5 Re3+ 44. Kf2 Rd3 45. Ke2 Rh3 46. Rxa6 Rxc3 47. b5 f4 48. Rc6 Ra3 49. a6 Kg4 50. Rg6+ Kf5 51. Rg7 f3+ 52. Kf2 Kf4 53. Rf7+ Ke4 54. a7 Ra2+ 55. Kg3 Rg2+ 56. Kh3 Ra2 57. b6 Ke3 58. b7 1-0

[Event "Mitropa Cup (Women)"]
[Site "Sibenik"]
[Date "2012.06.05"]
[Round "5"]
[White "Berke, Ana"]
[Black "Rozic, Vesna"]
[Result "1/2-1/2"]
[WhiteElo "2153"]
[BlackElo "2254"]
[PlyCount "107"]
[EventDate "2012.05.31"]
[EventType "team-tourn"]
[EventRounds "7"]
[EventCountry "CRO"]
[SourceTitle "CBM 148 Extra"]
[Source "ChessBase"]
[SourceDate "2012.06.22"]
[SourceVersion "1"]
[SourceVersionDate "2012.06.22"]
[SourceQuality "1"]
[WhiteTeam "Croatia (W)"]
[BlackTeam "Slovenia (W)"]
[WhiteTeamCountry "CRO"]
[BlackTeamCountry "SLO"]

1. e4 e6 2. d4 d5 3. Nd2 c5 4. Ngf3 Nc6 5. exd5 exd5 6. Bb5 Bd6 7. dxc5 Bxc5 8. Nb3 Bd6 9. 0-0 Nge7 10. Re1 0-0 11. Bg5 Bg4 12. Be2 h6 13. Bxe7 Bxe7 14. Nfd4 Bxe2 15. Qxe2 Bf6 16. Rad1 Nxd4 17. Nxd4 Qb6 18. c3 Rae8 19. Qxe8 Rxe8 20. Rxe8+ Kh7 21. Re2 Qa6 22. Red2 Bxd4 23. Rxd4 Qxa2 24. R4d2 a6 25. h3 b5 26. Re1 b4 27. cxb4 Qc4 28. Red1 Qxb4 29. Rxd5 Qxb2 30. Ra5 Qe2 31. Rda1 Qb2 32. Rxa6 Qc3 33. Ra7 Qd4 34. g3 f6 35. h4 h5 36. R7a4 Qd7 37. Ra5 Kg6 38. Rb1 Qe7 39. Rab5 Qe2 40. Rb7 Qe4 41. R1b4 Qe1+ 42. Kg2 Qe2 43. Rc7 Kh6 44. Rc5 Kg6 45. Rcc4 Qe5 46. Rd4 Kh6 47. Rd7 Qe2 48. Rdd4 Qe5 49. g4 hxg4 50. Rxg4 Qd5+ 51. Kg1 Qd1+ 52. Kg2 Qd5+ 53. Kg1 Qd1+ 54. Kg2 1/2-1/2

[Event "Mitropa Cup (Women)"]
[Site "Sibenik"]
[Date "2012.06.04"]
[Round "4"]
[White "Rozic, Vesna"]
[Black "Schmidt, Jade"]
[Result "1-0"]
[WhiteElo "2254"]
[BlackElo "2103"]
[PlyCount "101"]
[EventDate "2012.05.31"]
[EventType "team-tourn"]
[EventRounds "7"]
[EventCountry "CRO"]
[SourceTitle "CBM 148 Extra"]
[Source "ChessBase"]
[SourceDate "2012.06.22"]
[SourceVersion "1"]
[SourceVersionDate "2012.06.22"]
[SourceQuality "1"]
[WhiteTeam "Slovenia (W)"]
[BlackTeam "Germany (W)"]
[WhiteTeamCountry "SLO"]
[BlackTeamCountry "GER"]

1. d4 d5 2. Nf3 Nf6 3. c4 c6 4. Nbd2 Bf5 5. e3 e6 6. Be2 h6 7. 0-0 Nbd7 8. b3 Be7 9. Bb2 0-0 10. h3 Ne4 11. Nxe4 Bxe4 12. Bd3 Bxd3 13. Qxd3 Bf6 14. Rad1 Qc7 15. Qc2 Rac8 16. e4 dxe4 17. Qxe4 c5 18. Qb1 Rfd8 19. dxc5 Qxc5 20. Rfe1 Bxb2 21. Qxb2 Nf6 22. Qe5 Qxe5 23. Nxe5 Kf8 24. g3 Ke7 25. f4 Rxd1 26. Rxd1 Rc7 27. Kf2 Ke8 28. Ke3 Ke7 29. Rd2 Ke8 30. Rd1 Ke7 31. h4 h5 32. Rd2 Ke8 33. a3 Ke7 34. Rd4 Ke8 35. b4 Ke7 36. Kd3 Ke8 37. c5 Ke7 38. Nc4 g6 39. Nd6 Ne8 40. Nb5 Rc8 41. Nxa7 Ra8 42. Nb5 Nf6 43. Kc4 Nd5 44. Rd3 Rb8 45. Kb3 Kd7 46. Nc3 Kc6 47. Kc4 Ne7 48. Rd6+ Kc7 49. Nb5+ Kc8 50. Rd3 f6 51. Rd6 1-0

[Event "SLO-chT (Women)"]
[Site "Murska Sobota"]
[Date "2012.04.19"]
[Round "4"]
[White "Franciskovic, Borka"]
[Black "Rozic, Vesna"]
[Result "1/2-1/2"]
[WhiteElo "2250"]
[BlackElo "2259"]
[PlyCount "35"]
[EventDate "2012.04.13"]
[EventType "team-tourn"]
[EventRounds "7"]
[EventCountry "SLO"]
[SourceTitle "EXT 2022"]
[Source "ChessBase"]
[SourceDate "2021.10.06"]
[SourceVersion "1"]
[SourceVersionDate "2021.10.06"]
[SourceQuality "1"]
[WhiteTeam "Kocevje (W)"]
[BlackTeam "Maribor ZSK (W)"]
[WhiteTeamCountry "SLO"]
[BlackTeamCountry "SLO"]

1. c4 c6 2. Nf3 d5 3. b3 Bg4 4. e3 Nf6 5. Bb2 e6 6. Be2 Bd6 7. 0-0 0-0 8. cxd5 cxd5 9. Nc3 Nc6 10. Nb5 Be7 11. Nbd4 Nxd4 12. Nxd4 Bxe2 13. Qxe2 Qd7 14. h3 a6 15. d3 Rfc8 16. Rfc1 Rxc1+ 17. Rxc1 Rc8 18. Rxc8+ 1/2-1/2

[Event "Nova Gorica op-A 17th"]
[Site "Nova Gorica"]
[Date "2012.01.29"]
[Round "5"]
[White "Rozic, Vesna"]
[Black "Matijevic, Filip"]
[Result "1-0"]
[WhiteElo "2258"]
[BlackElo "2044"]
[PlyCount "121"]
[EventDate "2012.01.27"]
[EventType "swiss"]
[EventRounds "9"]
[EventCountry "SLO"]
[SourceTitle "CBM 146 Extra"]
[Source "ChessBase"]
[SourceDate "2012.02.29"]
[SourceVersion "1"]
[SourceVersionDate "2012.02.29"]
[SourceQuality "1"]

1. d4 Nf6 2. Bg5 g6 3. Bxf6 exf6 4. e3 Bg7 5. g3 0-0 6. Bg2 f5 7. Ne2 d6 8. c4 Nd7 9. Nbc3 c6 10. 0-0 Re8 11. b4 Nf6 12. Qd3 Bd7 13. Rab1 Qc7 14. Rfd1 a5 15. b5 h5 16. Rb2 Rab8 17. Rdb1 Kh7 18. Qc2 Rec8 19. b6 Qd8 20. Rd1 Ra8 21. Nf4 Ra6 22. Qb1 Qe7 23. Qc2 Re8 24. Nd3 Ne4 25. c5 d5 26. Nf4 Nf6 27. Rb3 Bh6 28. Rbb1 h4 29. Qd3 Raa8 30. Qf1 Ng4 31. Re1 Bg7 32. Ncxd5 cxd5 33. Nxd5 Qg5 34. h3 Nf6 35. gxh4 Qxh4 36. Nxf6+ Qxf6 37. Bxb7 Bc6 38. Bxc6 Qxc6 39. Qg2 Re4 40. b7 Rb8 41. Rb6 Qc7 42. Reb1 Bf8 43. a4 Be7 44. R1b3 Kg7 45. Qg3 f4 46. Qg2 Re6 47. Rxe6 fxe6 48. Rb6 fxe3 49. fxe3 Bf6 50. Qf3 Rf8 51. Kg2 Rb8 52. Rxe6 Bh4 53. Rb6 Bd8 54. Qe4 Qf7 55. Qe5+ Kh7 56. Qxb8 Qd5+ 57. Kg1 Qg5+ 58. Kf1 Qf5+ 59. Qf4 Qxh3+ 60. Ke2 Qg2+ 61. Kd3 1-0

[Event "Nova Gorica op-A 17th"]
[Site "Nova Gorica"]
[Date "2012.01.28"]
[Round "2"]
[White "Skok, Joze"]
[Black "Rozic, Vesna"]
[Result "0-1"]
[WhiteElo "2019"]
[BlackElo "2258"]
[PlyCount "132"]
[EventDate "2012.01.27"]
[EventType "swiss"]
[EventRounds "9"]
[EventCountry "SLO"]
[SourceTitle "CBM 146 Extra"]
[Source "ChessBase"]
[SourceDate "2012.02.29"]
[SourceVersion "1"]
[SourceVersionDate "2012.02.29"]
[SourceQuality "1"]

1. e4 e6 2. d4 d5 3. Nd2 Nc6 4. c3 e5 5. Bb5 exd4 6. cxd4 dxe4 7. Nxe4 Bb4+ 8. Nc3 Nge7 9. Nf3 0-0 10. 0-0 Bg4 11. Be3 Nf5 12. h3 Bxf3 13. Qxf3 Nfxd4 14. Qe4 Bxc3 15. Rad1 Re8 16. Qb1 Qd5 17. bxc3 Qxb5 18. cxd4 Qa6 19. Rc1 Rac8 20. Rfd1 h6 21. Rd2 Ne7 22. d5 b6 23. Bf4 Qb7 24. Qb5 Red8 25. Rcd1 a6 26. Qc4 Rd7 27. Bxh6 Ng6 28. Bg5 Rd6 29. Qe4 Qa8 30. h4 Re8 31. Qc2 Qc8 32. h5 Ne5 33. Bf4 Qg4 34. Bxe5 Rxe5 35. Qxc7 Rg5 36. f3 Qg3 37. Qc8+ Kh7 38. Qxa6 Rxh5 39. Qd3+ Rg6 40. Rf2 Qh2+ 41. Kf1 Re5 42. Qxg6+ Kxg6 43. Rfd2 Re7 44. d6 Rd7 45. Rd4 f6 46. Kf2 Kf7 47. a4 Qe5 48. R1d2 Qc5 49. Kg3 g5 50. Rd5 Qg1 51. Rd1 Qe3 52. R5d3 Qf4+ 53. Kf2 Qxa4 54. Re1 Qb4 55. Red1 Qc5+ 56. Kg3 b5 57. Rd5 Qc6 58. R5d4 Qc3 59. R4d3 Qe5+ 60. Kf2 Qc5+ 61. Kg3 b4 62. Rd5 Qb6 63. R5d3 b3 64. Rb1 b2 65. Rd2 Qb4 66. Rbxb2 Qh4# 0-1

[Event "EU-chT (Women) 18th"]
[Site "Porto Carras"]
[Date "2011.11.09"]
[Round "7.4"]
[White "Rozic, Vesna"]
[Black "Melia, Salome"]
[Result "0-1"]
[WhiteElo "2263"]
[BlackElo "2392"]
[PlyCount "94"]
[EventDate "2011.11.03"]
[EventType "team-swiss"]
[EventRounds "9"]
[EventCountry "GRE"]
[SourceTitle "EXT 2012"]
[Source "ChessBase"]
[SourceDate "2011.11.24"]
[SourceVersion "1"]
[SourceVersionDate "2011.11.24"]
[SourceQuality "1"]
[WhiteTeam "Slovenia (W)"]
[BlackTeam "Georgia (W)"]
[WhiteTeamCountry "SLO"]
[BlackTeamCountry "GEO"]

1. d4 Nf6 2. Nf3 e6 3. Bf4 b6 4. e3 Bb7 5. Nbd2 d6 6. h3 Nbd7 7. Bd3 Qe7 8. Bg5 h6 9. Bxf6 Nxf6 10. Qe2 a6 11. e4 g6 12. 0-0 e5 13. dxe5 dxe5 14. Nc4 Nd7 15. Rad1 Bg7 16. Ne3 c6 17. c3 0-0 18. b4 b5 19. a4 Nf6 20. Qc2 Rfd8 21. Qb1 Nh5 22. Rfe1 Bc8 23. Bf1 Be6 24. Rxd8+ Qxd8 25. Rd1 Qe7 26. Ne1 bxa4 27. Nc4 c5 28. bxc5 Qxc5 29. Qb7 Qc8 30. Qb4 Qc6 31. Na5 Qe8 32. Ra1 Bd7 33. c4 Rb8 34. Qc3 Bf8 35. c5 Rc8 36. Nd3 Bb5 37. c6 Bxc6 38. Nxc6 Rxc6 39. Qa5 a3 40. Nb4 Rc5 41. Qxa6 Qd8 42. Nd5 Rc2 43. Ne3 Rd2 44. Nc4 Qd4 45. Nxd2 Qxa1 46. Nb3 Qb1 47. Nd2 a2 0-1

[Event "EU-chT (Women) 18th"]
[Site "Porto Carras"]
[Date "2011.11.07"]
[Round "5.4"]
[White "Kursova, Maria"]
[Black "Rozic, Vesna"]
[Result "0-1"]
[WhiteElo "2315"]
[BlackElo "2263"]
[PlyCount "78"]
[EventDate "2011.11.03"]
[EventType "team-swiss"]
[EventRounds "9"]
[EventCountry "GRE"]
[SourceTitle "EXT 2012"]
[Source "ChessBase"]
[SourceDate "2011.11.24"]
[SourceVersion "1"]
[SourceVersionDate "2011.11.24"]
[SourceQuality "1"]
[WhiteTeam "Armenia (W)"]
[BlackTeam "Slovenia (W)"]
[WhiteTeamCountry "ARM"]
[BlackTeamCountry "SLO"]

1. d4 d5 2. Nf3 Nf6 3. c4 c6 4. e3 a6 5. Bd3 Bg4 6. Nbd2 e6 7. 0-0 Nbd7 8. b3 Bd6 9. Bb2 0-0 10. Qc2 Qb8 11. h3 Bh5 12. Ng5 Bg6 13. Bxg6 hxg6 14. Rad1 Re8 15. e4 Bh2+ 16. Kh1 Bf4 17. Ndf3 b5 18. Bc1 Bxc1 19. Rxc1 dxe4 20. Nxe4 bxc4 21. Nxf6+ gxf6 22. Qxc4 Rc8 23. Qd3 Qb5 24. Rfd1 a5 25. Rc4 a4 26. b4 a3 27. Qc3 Nb6 28. Rc5 Na4 29. Qd2 Nxc5 30. dxc5 Kg7 31. Qc3 Rd8 32. Nd4 Qb7 33. Re1 e5 34. Nc2 Qa6 35. Ne3 Rd4 36. Ng4 Qd3 37. Qa1 Qd2 38. b5 Rxg4 39. hxg4 Qxf2 0-1

[Event "CRO-chT (Women) 20th"]
[Site "Sibenik"]
[Date "2011.10.06"]
[Round "4.3"]
[White "Rozic, Vesna"]
[Black "Repkova, Eva"]
[Result "0-1"]
[WhiteElo "2278"]
[BlackElo "2423"]
[PlyCount "72"]
[EventDate "2011.10.04"]
[EventType "team-tourn"]
[EventRounds "7"]
[EventCountry "CRO"]
[SourceTitle "CBM 144 Extra"]
[Source "ChessBase"]
[SourceDate "2011.10.28"]
[SourceVersion "1"]
[SourceVersionDate "2011.10.28"]
[SourceQuality "1"]
[WhiteTeam "Zrinski Topolovac (W)"]
[BlackTeam "Busevec Polet (W)"]
[WhiteTeamCountry "CRO"]
[BlackTeamCountry "CRO"]

1. d4 d5 2. Bf4 e6 3. e3 Bd6 4. Bg3 Nf6 5. Nd2 0-0 6. Bd3 c5 7. c3 Qc7 8. Ngf3 Nbd7 9. 0-0 Bxg3 10. hxg3 e5 11. e4 exd4 12. cxd4 c4 13. Bc2 dxe4 14. Nxe4 Nxe4 15. Bxe4 Nf6 16. Bc2 b5 17. Qd2 Bb7 18. Rfe1 Rfd8 19. Rad1 Rd5 20. Re5 Rad8 21. Qf4 Qc6 22. Rxd5 Qxd5 23. Re1 Qd6 24. Re5 Bxf3 25. gxf3 a6 26. d5 g6 27. Qd4 Nxd5 28. a4 Qf6 29. f4 Kg7 30. Qc5 Nb6 31. Qb4 c3 32. axb5 axb5 33. bxc3 Rd2 34. Be4 Nc4 35. Rxb5 Qe6 36. f3 Qh3 0-1

[Event "SLO-ch (Women)"]
[Site "Ljubljana"]
[Date "2011.08.13"]
[Round "8"]
[White "Novak, Ksenija"]
[Black "Rozic, Vesna"]
[Result "1/2-1/2"]
[WhiteElo "2117"]
[BlackElo "2310"]
[PlyCount "127"]
[EventDate "2011.08.06"]
[EventType "swiss"]
[EventRounds "9"]
[EventCountry "SLO"]
[SourceTitle "CBM 143 Extra"]
[Source "ChessBase"]
[SourceDate "2011.08.29"]
[SourceVersion "1"]
[SourceVersionDate "2011.08.29"]
[SourceQuality "1"]

1. Nf3 d5 2. c4 e6 3. g3 Nf6 4. Bg2 dxc4 5. Qc2 a6 6. Ne5 Be7 7. a4 0-0 8. Qxc4 Nbd7 9. Nxd7 Nxd7 10. 0-0 c5 11. a5 Ne5 12. Qc3 f6 13. d3 Bd6 14. Be3 Qe7 15. Rc1 Nd7 16. Nd2 Rb8 17. Nc4 Bc7 18. Nb6 Bd6 19. Nxd7 Bxd7 20. Bxc5 Rfc8 21. Bxd6 Qxd6 22. Qd2 Bc6 23. Bh3 Rd8 24. Qe3 e5 25. Qc5 e4 26. Qxd6 Rxd6 27. dxe4 Rd2 28. Be6+ Kf8 29. Bd5 Rxe2 30. b4 Bxd5 31. exd5 Rd8 32. Rc7 Re7 33. Rc5 Re4 34. Rb1 Rd7 35. b5 Rd4 36. bxa6 bxa6 37. Rb6 R4xd5 38. Rxd5 Rxd5 39. Rxa6 Rd1+ 40. Kg2 Ra1 41. g4 Kf7 42. Ra7+ Kg6 43. Kg3 Ra3+ 44. f3 Ra4 45. a6 Ra3 46. h4 h5 47. gxh5+ Kxh5 48. Ra8 Kg6 49. Kg4 Ra4+ 50. f4 f5+ 51. Kf3 Ra3+ 52. Ke2 Kh5 53. Rh8+ Kg4 54. Rg8 Rxa6 55. Rxg7+ Kxf4 56. Rb7 Ra2+ 57. Kf1 Rh2 58. Rb4+ Kg3 59. Rb3+ Kxh4 60. Ra3 Rb2 61. Rc3 f4 62. Ra3 Kg4 63. Rb3 Ra2 64. Rc3 1/2-1/2

[Event "Olympiad Women-39"]
[Site "Khanty-Mansiysk"]
[Date "2010.09.25"]
[Round "5.4"]
[White "Rozic, Vesna"]
[Black "Baginskaite, Camilla"]
[Result "1/2-1/2"]
[WhiteElo "2289"]
[BlackElo "2328"]
[PlyCount "32"]
[EventDate "2010.09.21"]
[EventType "team-swiss"]
[EventRounds "11"]
[EventCountry "RUS"]
[SourceTitle "CBM 139"]
[Source "ChessBase"]
[SourceDate "2010.11.18"]
[SourceVersion "1"]
[SourceVersionDate "2010.11.18"]
[SourceQuality "1"]
[WhiteTeam "Slovenia (W)"]
[BlackTeam "United States (W)"]
[WhiteTeamCountry "SLO"]
[BlackTeamCountry "USA"]

1. d4 Nf6 2. Nf3 e6 3. Bf4 c5 4. c3 d5 5. e3 Bd6 6. Bg3 0-0 7. Nbd2 Qc7 8. Bxd6 Qxd6 9. Ne5 Nfd7 10. Nxd7 Nxd7 11. Be2 e5 12. dxe5 Nxe5 13. 0-0 Bf5 14. Nc4 Nxc4 15. Bxc4 Rad8 16. Bd3 Bxd3 1/2-1/2

[Event "Olympiad Women-39"]
[Site "Khanty-Mansiysk"]
[Date "2010.09.21"]
[Round "1.12"]
[White "Chen, Eachen"]
[Black "Rozic, Vesna"]
[Result "0-1"]
[WhiteElo "1966"]
[BlackElo "2289"]
[PlyCount "78"]
[EventDate "2010.09.21"]
[EventType "team-swiss"]
[EventRounds "11"]
[EventCountry "RUS"]
[SourceTitle "CBM 139"]
[Source "ChessBase"]
[SourceDate "2010.11.18"]
[SourceVersion "1"]
[SourceVersionDate "2010.11.18"]
[SourceQuality "1"]
[WhiteTeam "New Zealand (W)"]
[BlackTeam "Slovenia (W)"]
[WhiteTeamCountry "NZL"]
[BlackTeamCountry "SLO"]

1. e4 e6 2. d4 d5 3. exd5 exd5 4. Bd3 c5 5. dxc5 Bxc5 6. Nf3 Nc6 7. 0-0 Nge7 8. Nc3 h6 9. Bf4 0-0 10. Qd2 Nb4 11. Bb5 a6 12. Ba4 Nbc6 13. Bb3 d4 14. Ne4 Bb4 15. Qe2 Bg4 16. h3 d3 17. Qe3 Nf5 18. Qxd3 Qxd3 19. cxd3 Bxf3 20. gxf3 Nfd4 21. Kg2 Nxb3 22. axb3 Rad8 23. Rfd1 f5 24. Ng3 Rd7 25. Rac1 Rfd8 26. Nxf5 Rxd3 27. Rxd3 Rxd3 28. Rc4 Rxb3 29. Nd4 Nxd4 30. Rxd4 Be7 31. Rd7 Bf6 32. Rc7 Rxb2 33. Be3 Rb1 34. f4 Kh7 35. Kf3 a5 36. Bd2 a4 37. Rc4 b5 38. Rb4 Rxb4 39. Bxb4 Bb2 0-1

[Event "CRO-chT2 North (Women)"]
[Site "Topusko"]
[Date "2010.08.27"]
[Round "4.33"]
[White "Rozic, Vesna"]
[Black "Popov, Radmila"]
[Result "1-0"]
[WhiteElo "2287"]
[BlackElo "2056"]
[PlyCount "41"]
[EventDate "2010.08.26"]
[EventType "team-tourn"]
[EventRounds "7"]
[EventCountry "CRO"]
[SourceTitle "EXT 2012"]
[Source "ChessBase"]
[SourceDate "2011.11.24"]
[SourceVersion "1"]
[SourceVersionDate "2011.11.24"]
[SourceQuality "1"]

1. d4 Nf6 2. Nf3 e6 3. Bf4 d6 4. Nbd2 b6 5. e4 Bb7 6. Bd3 Be7 7. Qe2 Nbd7 8. h3 h6 9. c3 a6 10. a4 c6 11. 0-0 0-0 12. e5 dxe5 13. dxe5 Nc5 14. exf6 Nxd3 15. fxe7 Nxf4 16. exf8Q+ Kxf8 17. Qe5 Ng6 18. Qe3 Qc7 19. Nc4 c5 20. Rfd1 Ne7 21. Qe5 1-0

[Event "Mitropa Cup (Women)"]
[Site "Chur"]
[Date "2010.06.04"]
[Round "7"]
[White "Rozic, Vesna"]
[Black "Maslikova, Veronika"]
[Result "1/2-1/2"]
[WhiteElo "2271"]
[BlackElo "2214"]
[PlyCount "87"]
[EventDate "2010.05.29"]
[EventType "team-tourn"]
[EventRounds "9"]
[EventCountry "SUI"]
[SourceTitle "CBM 136 Extra"]
[Source "ChessBase"]
[SourceDate "2010.07.02"]
[SourceVersion "2"]
[SourceVersionDate "2010.07.15"]
[SourceQuality "1"]
[WhiteTeam "Slovenia (W)"]
[BlackTeam "Slovakia (W)"]
[WhiteTeamCountry "SLO"]
[BlackTeamCountry "SVK"]

1. d4 Nf6 2. Nf3 d6 3. e3 Nbd7 4. c4 e5 5. Nc3 c6 6. g3 Be7 7. Bg2 0-0 8. 0-0 Re8 9. a3 a5 10. Rb1 Qc7 11. b4 axb4 12. axb4 Nb6 13. c5 Nbd5 14. Nxd5 Nxd5 15. Qc2 exd4 16. Nxd4 Nxb4 17. Rxb4 dxc5 18. Rb1 cxd4 19. exd4 Bd6 20. Bd2 Bd7 21. Rfc1 Rec8 22. Bb4 Bxb4 23. Rxb4 Rab8 24. h4 g6 25. h5 Qd6 26. Qb2 Rc7 27. Rb6 Be6 28. d5 Bxd5 29. h6 f6 30. Rd1 Qe5 31. Bxd5+ cxd5 32. Qb3 Rc3 33. Qxd5+ Qxd5 34. Rxd5 Rc6 35. Rxc6 bxc6 36. Rd7 Rc8 37. Rg7+ Kh8 38. Kf1 c5 39. Ke2 c4 40. Kd2 c3+ 41. Kc2 f5 42. Rf7 Kg8 43. Rg7+ Kh8 44. Rf7 1/2-1/2